<?xml version="1.0" encoding="UTF-8"?>
<record
    xmlns:xsi="http://www.w3.org/2001/XMLSchema-instance"
    xsi:schemaLocation="http://www.loc.gov/MARC21/slim http://www.loc.gov/standards/marcxml/schema/MARC21slim.xsd"
    xmlns="http://www.loc.gov/MARC21/slim">

  <leader>02288nam a2200301 a 4500</leader>
  <controlfield tag="001">BRCA_8767</controlfield>
  <controlfield tag="005">20190320210411.0</controlfield>
  <controlfield tag="008">290317s1731----sp-#######---#000-0#spa-#</controlfield>
  <datafield tag="041" ind1=" " ind2=" ">
    <subfield code="a">spa</subfield>
  </datafield>
  <datafield tag="044" ind1=" " ind2=" ">
    <subfield code="a">sp</subfield>
  </datafield>
  <datafield tag="084" ind1=" " ind2=" ">
    <subfield code="a">BE131</subfield>
    <subfield code="b">.D65 1731</subfield>
  </datafield>
  <datafield tag="100" ind1="1" ind2=" ">
    <subfield code="a">Dolz del Castellar, Esteban</subfield>
    <subfield code="9">21832</subfield>
  </datafield>
  <datafield tag="245" ind1="1" ind2="0">
    <subfield code="a">A&#xF1;o virg&#xED;neo</subfield>
    <subfield code="b">cuyos d&#xED;as son, finezas de la Gran Rina del Cielo Mar&#xED;a Santissima, Virgen, Madre del Altissimo, succedidas en aquellos mismos d&#xED;as, que se refieren: a&#xF1;adense a estas trecientos i sesenta i seis Exemplos, con otras tantas Exhortaciones Oraciones, Exercicios, i Elogios, Sacados de los Santos Padres, para quien le preciare d&#xED;a del a&#xF1;o sin atributarle alg&#xFA;n particular obsequio</subfield>
    <subfield code="c">su avthor el Doct. D. Estevan Dolz Del Castellar...</subfield>
  </datafield>
  <datafield tag="260" ind1=" " ind2=" ">
    <subfield code="a">Mvrcia</subfield>
    <subfield code="b">En la imprenta de Jayme Esmenier, impresor, i mercader de libros</subfield>
    <subfield code="c">1731</subfield>
  </datafield>
  <datafield tag="300" ind1=" " ind2=" ">
    <subfield code="a">320 p. (t.2)</subfield>
    <subfield code="c">20.2 x 15 cm.</subfield>
  </datafield>
  <datafield tag="500" ind1=" " ind2=" ">
    <subfield code="a">Con licencia del real consejo en Mvrcia</subfield>
  </datafield>
  <datafield tag="500" ind1=" " ind2=" ">
    <subfield code="a">En portada: Corregido, i emendado en esta sexta impresi&#xF3;n, seg&#xFA;n el expurgatorio del a&#xF1;o de 1707</subfield>
  </datafield>
  <datafield tag="500" ind1=" " ind2=" ">
    <subfield code="a">En portada: Dedicada al Exmo. Se&#xF1;or Don Diego de Astorga i C&#xE9;spedes.</subfield>
  </datafield>
  <datafield tag="500" ind1=" " ind2=" ">
    <subfield code="a">Estado f&#xED;sico: presenta encuadernaci&#xF3;n en pergamino, con lomo semi desprendido y cintas rotas</subfield>
  </datafield>
  <datafield tag="500" ind1=" " ind2=" ">
    <subfield code="a">Con marca de fuego: &#x201C;Procedencia de la marca: Colegio Jesuita de San Francisco Xavier de la Ciudad de Quer&#xE9;taro (1). Instituci&#xF3;n: Provincia Mexicana de la Compa&#xF1;&#xED;a de Jes&#xFA;s. Descripci&#xF3;n: Iniciales S. Xr. Q. que se desata como S[an] X[avie]r [de] Q[uer&#xE9;taro.]. Observaciones: A falta de un testimonio de pertenencia se hace la atribuci&#xF3;n de la marca en funci&#xF3;n a la realizada por David Saavedra Vega. Se espera localizar otro ejemplar que corrobore esta atribuci&#xF3;n. Ubicaci&#xF3;n de la marca en el libro: Canto superior&#x201D;</subfield>
  </datafield>
  <datafield tag="650" ind1="1" ind2="4">
    <subfield code="a">Virgen Mar&#xED;a</subfield>
    <subfield code="x">Sermones</subfield>
    <subfield code="y">Obras anteriores a 1800</subfield>
    <subfield code="9">21833</subfield>
  </datafield>
  <datafield tag="650" ind1="1" ind2="4">
    <subfield code="a">Calendario lit&#xFA;rgico</subfield>
    <subfield code="y">Obras anteriores a 1800</subfield>
    <subfield code="9">21834</subfield>
  </datafield>
  <datafield tag="700" ind1="1" ind2=" ">
    <subfield code="a">Esmenier, Jayme</subfield>
    <subfield code="e">Impresor</subfield>
    <subfield code="9">21835</subfield>
  </datafield>
  <datafield tag="700" ind1="1" ind2=" ">
    <subfield code="a">Astorga i C&#xE9;spedes, Diego de</subfield>
    <subfield code="c">Arzobispo</subfield>
    <subfield code="9">21836</subfield>
  </datafield>
  <datafield tag="856" ind1=" " ind2=" ">
    <subfield code="a">http://www.marcasdefuego.buap.mx:8180/xmLibris/projects/firebrand/item.jsp?repository=marcas_de_fuego&amp;key=marcas_de_fuego_marcas_de_fuego_20151006120916_4064.xml&amp;num=5</subfield>
  </datafield>
  <datafield tag="902" ind1=" " ind2=" ">
    <subfield code="a">CFM</subfield>
  </datafield>
  <datafield tag="942" ind1=" " ind2=" ">
    <subfield code="2">lcc</subfield>
    <subfield code="c">B</subfield>
  </datafield>
  <datafield tag="999" ind1=" " ind2=" ">
    <subfield code="c">8418</subfield>
    <subfield code="d">8418</subfield>
  </datafield>
  <datafield tag="952" ind1=" " ind2=" ">
    <subfield code="0">0</subfield>
    <subfield code="1">0</subfield>
    <subfield code="4">0</subfield>
    <subfield code="7">0</subfield>
    <subfield code="a">BRCA</subfield>
    <subfield code="b">BRCA</subfield>
    <subfield code="d">2017-03-29</subfield>
    <subfield code="l">0</subfield>
    <subfield code="o">BE131 .D65 1731</subfield>
    <subfield code="p">CFM00093</subfield>
    <subfield code="r">2019-03-22 00:00:00</subfield>
    <subfield code="w">2019-03-22</subfield>
    <subfield code="y">B</subfield>
  </datafield>
</record>
